[Event "Montcalm op 5 2011-12"]
[Site "Quebec CAN"]
[Date "2012.02.23"]
[Round "2"]
[White "Boulianne, Gabriel"]
[Black "Bender, Karl"]
[Result "1-0"]
[WhiteElo "1722"]
[BlackElo "1504"]
[PlyCount "70"]
[GameId "2160767909576318"]
[EventDate "2012.02.16"]
[EventType "swiss"]
[EventRounds "5"]
[EventCountry "CAN"]
[SourceTitle "EXT 2022"]
[Source "ChessBase"]
[SourceDate "2021.10.06"]
[SourceVersion "1"]
[SourceVersionDate "2021.10.06"]
[SourceQuality "1"]

1. e4 e5 2. Nf3 Nc6 3. Bc4 Nf6 4. Ng5 d5 5. exd5 Nxd5 6. Nxf7 Kxf7 7. Qf3+ Ke7 8. Bxd5 Nd4 9. Qe4 Qd6 10. Qh4+ Qf6 11. Qxf6+ gxf6 12. Bb3 Nxb3 13. axb3 Bf5 14. d3 Rg8 15. g3 b6 16. Nc3 c6 17. Be3 Bg7 18. Ra6 Bc8 19. Ra2 Kd7 20. Bxb6 Bb7 21. Rxa7 Rxa7 22. Bxa7 Ra8 23. Be3 Ra1+ 24. Nd1 c5 25. O-O Bf3 26. Nc3 Ra5 27. Rc1 f5 28. Kf1 Kc6 29. Ke1 e4 30. Na4 Kb5 31. dxe4 fxe4 32. c3 Bf8 33. Nxc5 Bxc5 34. Bxc5 Kxc5 35. b4+ Kb5 1-0

[Event "Montcalm op 5 2011-12"]
[Site "Quebec CAN"]
[Date "2012.02.23"]
[Round "2"]
[White "Dumont, Eric"]
[Black "Bourassa, Andre"]
[Result "0-1"]
[WhiteElo "1765"]
[BlackElo "1760"]
[PlyCount "89"]
[GameId "2160767909576319"]
[EventDate "2012.02.16"]
[EventType "swiss"]
[EventRounds "5"]
[EventCountry "CAN"]
[SourceTitle "EXT 2022"]
[Source "ChessBase"]
[SourceDate "2021.10.06"]
[SourceVersion "1"]
[SourceVersionDate "2021.10.06"]
[SourceQuality "1"]

1. d4 Nf6 2. Nf3 c6 3. Bf4 Qb6 4. Qc1 d5 5. e3 Bf5 6. Nbd2 Ne4 7. Be2 Nxd2 8. Nxd2 Nd7 9. O-O e6 10. Nf3 c5 11. c3 Rc8 12. Qd2 Be7 13. Rfe1 O-O 14. h3 Nf6 15. Ne5 Rfd8 16. g4 Ne4 17. Qc1 Bg6 18. Nxg6 hxg6 19. f3 Nd6 20. Bd3 Bh4 21. Re2 g5 22. Bh2 Rc6 23. Kg2 Rdc8 24. Qf1 Qd8 25. dxc5 Rxc5 26. Rd1 a6 27. e4 Ne8 28. Bb1 Nf6 29. Red2 Qe7 30. Qe2 Re8 31. Qd3 g6 32. Qc2 b5 33. a3 Qb7 34. Qb3 dxe4 35. Bxe4 Nxe4 36. Rd7 Qa8 37. R1d3 Nf6 38. R7d6 Nd5 39. Be5 Rc4 40. Qd1 f6 41. R6xd5 exd5 42. Bxf6 Qb8 43. f4 Qxf4 44. Rf3 Qe4 45. Qf1 0-1

[Event "Montcalm op 5 2011-12"]
[Site "Quebec CAN"]
[Date "2012.02.23"]
[Round "2"]
[White "Ripoll, Arthur"]
[Black "Deschenes, Andre Philippe"]
[Result "1-0"]
[WhiteElo "1539"]
[BlackElo "1165"]
[PlyCount "23"]
[GameId "2160767909576320"]
[EventDate "2012.02.16"]
[EventType "swiss"]
[EventRounds "5"]
[EventCountry "CAN"]
[SourceTitle "EXT 2022"]
[Source "ChessBase"]
[SourceDate "2021.10.06"]
[SourceVersion "1"]
[SourceVersionDate "2021.10.06"]
[SourceQuality "1"]

1. e4 c6 2. d4 d5 3. e5 Bf5 4. h4 e6 5. g4 Qa5+ 6. Nc3 Be4 7. f3 Bg6 8. h5 Bxc2 9. Qxc2 Nd7 10. Bd3 g6 11. hxg6 fxg6 12. Bxg6+ 1-0

[Event "Montcalm op 5 2011-12"]
[Site "Quebec CAN"]
[Date "2012.03.01"]
[Round "3"]
[White "Arcand, Christian"]
[Black "Boulianne, Gabriel"]
[Result "0-1"]
[WhiteElo "1175"]
[BlackElo "1722"]
[PlyCount "74"]
[GameId "2160767909576321"]
[EventDate "2012.02.16"]
[EventType "swiss"]
[EventRounds "5"]
[EventCountry "CAN"]
[SourceTitle "EXT 2022"]
[Source "ChessBase"]
[SourceDate "2021.10.06"]
[SourceVersion "1"]
[SourceVersionDate "2021.10.06"]
[SourceQuality "1"]

1. d4 c5 2. d5 e5 3. e4 d6 4. Nf3 Nf6 5. Nc3 a6 6. Bd3 Bg4 7. Be3 Nbd7 8. Ne2 b5 9. b3 c4 10. bxc4 bxc4 11. Bxc4 Nxe4 12. h3 Bxf3 13. gxf3 Qa5+ 14. Kf1 Nef6 15. Rb1 Rc8 16. Qd3 Nc5 17. Qf5 Rc7 18. Rb8+ Ke7 19. Rc8 g6 20. Rxc7+ Qxc7 21. Qg5 Nce4 22. fxe4 Qxc4 23. Bd2 Qxe4 24. Rg1 Qxc2 25. Nc3 Qd3+ 26. Ke1 Qxh3 27. Rg3 Qh1+ 28. Ke2 Qh5+ 29. Qxh5 Nxh5 30. Bg5+ f6 31. Bxf6+ Nxf6 32. Na4 Nxd5 33. Rb3 Ke6 34. Nb6 Nc7 35. Rc3 Nb5 36. Rc8 Bg7 37. Rc6 Nd4+ 0-1

[Event "Montcalm op 5 2011-12"]
[Site "Quebec CAN"]
[Date "2012.03.01"]
[Round "3"]
[White "Doyon, Stephane"]
[Black "Bourassa, Andre"]
[Result "1/2-1/2"]
[WhiteElo "1787"]
[BlackElo "1760"]
[PlyCount "48"]
[GameId "2160767909576322"]
[EventDate "2012.02.16"]
[EventType "swiss"]
[EventRounds "5"]
[EventCountry "CAN"]
[SourceTitle "EXT 2022"]
[Source "ChessBase"]
[SourceDate "2021.10.06"]
[SourceVersion "1"]
[SourceVersionDate "2021.10.06"]
[SourceQuality "1"]

1. e4 c5 2. Nc3 d6 3. g3 e6 4. Bg2 Nc6 5. d3 Nf6 6. f4 Qc7 7. Nf3 Be7 8. O-O a6 9. h3 O-O 10. g4 Nd4 11. Ne2 Nxf3+ 12. Bxf3 Bd7 13. g5 Ne8 14. Qe1 f6 15. h4 Bc6 16. Qg3 f5 17. h5 d5 18. Qh3 Rd8 19. Ng3 Qc8 20. exf5 exf5 21. Nxf5 Rxf5 22. Bg4 Bd7 23. Bxf5 Bxf5 24. Qg3 Nc7 1/2-1/2

[Event "Montcalm op 5 2011-12"]
[Site "Quebec CAN"]
[Date "2012.03.01"]
[Round "3"]
[White "Ripoll, Arthur"]
[Black "Bluteau, Yvon"]
[Result "0-1"]
[WhiteElo "1539"]
[BlackElo "1772"]
[PlyCount "108"]
[GameId "2160767909576323"]
[EventDate "2012.02.16"]
[EventType "swiss"]
[EventRounds "5"]
[EventCountry "CAN"]
[SourceTitle "EXT 2022"]
[Source "ChessBase"]
[SourceDate "2021.10.06"]
[SourceVersion "1"]
[SourceVersionDate "2021.10.06"]
[SourceQuality "1"]

1. e4 c5 2. Nf3 Nf6 3. Nc3 d5 4. e5 d4 5. exf6 dxc3 6. fxg7 cxd2+ 7. Qxd2 Qxd2+ 8. Bxd2 Bxg7 9. c3 Nc6 10. Bb5 Bd7 11. Be3 b6 12. Rd1 O-O-O 13. O-O f6 14. a3 Kb7 15. b4 cxb4 16. cxb4 Bg4 17. Bxc6+ Kxc6 18. Rc1+ Kb7 19. Nd4 e5 20. Nb5 Rd7 21. f3 Bf5 22. Rfd1 Rhd8 23. Rxd7+ Rxd7 24. Kf2 Bf8 25. f4 h5 26. fxe5 fxe5 27. Bg5 Bg7 28. h3 Bf8 29. Ke2 Bd3+ 30. Ke3 Bxb5 31. Ke4 Bc6+ 32. Kxe5 Bxg2 33. h4 Bg7+ 34. Kf5 Bb2 35. Rc2 Bh3+ 36. Kg6 Bxa3 37. Rc3 Bf5+ 38. Kxf5 Bxb4 39. Rc4 Bd2 40. Kg6 b5 41. Re4 Bxg5 42. hxg5 a5 43. Kxh5 Rd5 44. Kg4 a4 45. g6 Kb6 46. Kf3 a3 47. g7 Rd8 48. Rg4 a2 49. Rg1 b4 50. Ke4 b3 51. g8=Q Rxg8 52. Rxg8 a1=Q 53. Rb8+ Kc5 54. Rxb3 Qa4+ 0-1

[Event "Montcalm op 5 2011-12"]
[Site "Quebec CAN"]
[Date "2012.03.08"]
[Round "4"]
[White "Boulianne, Gabriel"]
[Black "Oliver, Vance"]
[Result "0-1"]
[WhiteElo "1722"]
[BlackElo "1569"]
[PlyCount "86"]
[GameId "2160767909576324"]
[EventDate "2012.02.16"]
[EventType "swiss"]
[EventRounds "5"]
[EventCountry "CAN"]
[SourceTitle "EXT 2022"]
[Source "ChessBase"]
[SourceDate "2021.10.06"]
[SourceVersion "1"]
[SourceVersionDate "2021.10.06"]
[SourceQuality "1"]

1. e4 d6 2. d4 Nf6 3. Bd3 g6 4. Ne2 Bg7 5. f3 Nc6 6. c3 e5 7. Be3 O-O 8. a3 exd4 9. cxd4 Qe7 10. Nbc3 Bd7 11. b4 a6 12. O-O h5 13. Qb3 Na7 14. Rac1 c6 15. Rfd1 Nb5 16. Bxb5 axb5 17. d5 Ra6 18. Bf4 Rd8 19. dxc6 Bxc6 20. Nd4 Rb6 21. Qc2 h4 22. Qd2 Kh7 23. Qf2 Nh5 24. Be3 Be5 25. Nf5 gxf5 26. Bxb6 Rg8 27. Nd5 Bxd5 28. exd5 Nf4 29. Kf1 Rxg2 30. Qe3 Rxh2 31. Rc7 Rh1+ 32. Kf2 Rh2+ 33. Kf1 Qf6 34. Qg1 Nh3 35. Qe3 Qg6 36. Rdc1 Qg2+ 37. Ke1 Rh1+ 38. Qg1 Rxg1+ 39. Bxg1 Qxg1+ 40. Ke2 Qf2+ 41. Kd1 Qxf3+ 42. Ke1 Bg3+ 43. Kd2 Bf4+ 0-1

[Event "Montcalm op 5 2011-12"]
[Site "Quebec CAN"]
[Date "2012.03.08"]
[Round "4"]
[White "Sarra-Bournet, Marc"]
[Black "Ripoll, Arthur"]
[Result "1-0"]
[WhiteElo "1855"]
[BlackElo "1539"]
[PlyCount "131"]
[GameId "2160767909576325"]
[EventDate "2012.02.16"]
[EventType "swiss"]
[EventRounds "5"]
[EventCountry "CAN"]
[SourceTitle "EXT 2022"]
[Source "ChessBase"]
[SourceDate "2021.10.06"]
[SourceVersion "1"]
[SourceVersionDate "2021.10.06"]
[SourceQuality "1"]

1. e4 e5 2. Nf3 Nc6 3. Bb5 Nd4 4. Nxd4 exd4 5. O-O Bc5 6. d3 Ne7 7. Bg5 O-O 8. Bc4 Kh8 9. Nd2 f6 10. Bh4 Ng6 11. Bg3 f5 12. exf5 Rxf5 13. Nf3 a5 14. a3 d5 15. Ba2 Rf8 16. Qd2 Bg4 17. Ne5 Nxe5 18. Bxe5 c6 19. Rae1 a4 20. h3 Bf5 21. g4 Bd7 22. f4 Qh4 23. Qg2 Rfe8 24. f5 Bd6 25. Qh2 Rxe5 26. Rxe5 Bxe5 27. Qxe5 Qxh3 28. Qf4 Qe3+ 29. Kg2 Qxf4 30. Rxf4 Re8 31. Kf2 Re3 32. Rxd4 Rh3 33. Rxa4 h5 34. Ra8+ Kh7 35. Rd8 Rh2+ 36. Kg3 Rxc2 37. Rxd7 Rxb2 38. Bxd5 cxd5 39. f6 Rb1 40. Rxg7+ Kh8 41. gxh5 Rb3 42. Kf4 Rxd3 43. Rxb7 Kg8 44. Rg7+ Kf8 45. Rg3 Rd1 46. Ke5 Re1+ 47. Kxd5 Kf7 48. Rf3 Rh1 49. Rf5 Ra1 50. Rf3 Rh1 51. Kc6 Rxh5 52. a4 Rh1 53. a5 Rc1+ 54. Kb7 Rb1+ 55. Ka7 Rb5 56. a6 Rb4 57. Ka8 Rb6 58. a7 Rb5 59. Rc3 Kxf6 60. Rc8 Rb1 61. Rb8 Rh1 62. Kb7 Rb1+ 63. Kc6 Rc1+ 64. Kd5 Rd1+ 65. Kc4 Rc1+ 66. Kd3 1-0

[Event "Montcalm op 5 2011-12"]
[Site "Quebec CAN"]
[Date "2012.03.15"]
[Round "5"]
[White "Ripoll, Arthur"]
[Black "Chabot, Sebastien"]
[Result "1-0"]
[WhiteElo "1539"]
[BlackElo "1072"]
[PlyCount "51"]
[GameId "2160767909576326"]
[EventDate "2012.02.16"]
[EventType "swiss"]
[EventRounds "5"]
[EventCountry "CAN"]
[SourceTitle "EXT 2022"]
[Source "ChessBase"]
[SourceDate "2021.10.06"]
[SourceVersion "1"]
[SourceVersionDate "2021.10.06"]
[SourceQuality "1"]

1. e4 e5 2. Nf3 Nf6 3. Nxe5 Nxe4 4. d4 d5 5. Bd3 Qf6 6. O-O Nc6 7. Nxc6 Qxc6 8. Re1 Bf5 9. f3 O-O-O 10. fxe4 dxe4 11. Be2 f6 12. Bg4 g6 13. Nc3 h5 14. Be2 Kb8 15. Be3 Qd6 16. Nb5 Qb6 17. c4 a6 18. c5 Qe6 19. a4 Bh6 20. Bxh6 Rxh6 21. b4 c6 22. Nd6 Bg4 23. b5 Qd5 24. bxa6 Bxe2 25. Rxe2 bxa6 26. Qb1+ 1-0

[Event "Montcalm op 6 2011-12"]
[Site "Quebec CAN"]
[Date "2012.03.22"]
[Round "1"]
[White "Bourassa, Andre"]
[Black "Hebert, Andre jr"]
[Result "1-0"]
[WhiteElo "1752"]
[BlackElo "1658"]
[PlyCount "99"]
[GameId "2160767909510011"]
[EventDate "2012.03.22"]
[EventType "swiss"]
[EventRounds "5"]
[EventCountry "CAN"]
[SourceTitle "EXT 2022"]
[Source "ChessBase"]
[SourceDate "2021.10.06"]
[SourceVersion "1"]
[SourceVersionDate "2021.10.06"]
[SourceQuality "1"]

1. d4 Nf6 2. c4 e6 3. Nc3 b6 4. e4 d6 5. Bg5 Be7 6. f4 Bb7 7. Bd3 h6 8. Bh4 Nc6 9. Nf3 Ng4 10. Bxe7 Qxe7 11. d5 Nd8 12. h3 Nf6 13. O-O O-O 14. Qd2 c6 15. Rfe1 Nd7 16. Rad1 e5 17. dxc6 Nxc6 18. Bb1 exf4 19. Nd5 Qd8 20. Nxf4 Nde5 21. Qxd6 Nxc4 22. Qxd8 Rfxd8 23. b3 N4e5 24. Kf2 Nxf3 25. gxf3 Ne5 26. Ke3 Rac8 27. Rxd8+ Rxd8 28. Rc1 Rc8 29. Rxc8+ Bxc8 30. h4 Bb7 31. Nd3 f6 32. Nxe5 fxe5 33. f4 exf4+ 34. Kxf4 Kf7 35. Bd3 Bc8 36. Ke5 Ke7 37. Bc4 Bd7 38. Bd5 a5 39. a3 g5 40. hxg5 hxg5 41. b4 g4 42. Kf4 Kf6 43. e5+ Kg6 44. e6 Bc8 45. Ke5 g3 46. Bc6 Bxe6 47. Kxe6 Kg5 48. Kd6 axb4 49. axb4 Kf4 50. Kc7 1-0

[Event "Montcalm op 6 2011-12"]
[Site "Quebec CAN"]
[Date "2012.03.22"]
[Round "1"]
[White "Caire, Francois"]
[Black "Bonneau, Daniel"]
[Result "1-0"]
[WhiteElo "2243"]
[BlackElo "2037"]
[PlyCount "47"]
[GameId "2160767909510012"]
[EventDate "2012.03.22"]
[EventType "swiss"]
[EventRounds "5"]
[EventCountry "CAN"]
[SourceTitle "EXT 2022"]
[Source "ChessBase"]
[SourceDate "2021.10.06"]
[SourceVersion "1"]
[SourceVersionDate "2021.10.06"]
[SourceQuality "1"]

1. d4 Nf6 2. c4 g6 3. g3 Bg7 4. Bg2 O-O 5. Nc3 d6 6. Nf3 Nc6 7. O-O a6 8. Qd3 e5 9. dxe5 dxe5 10. Qxd8 Rxd8 11. Bg5 Be6 12. Nd2 h6 13. Bxf6 Bxf6 14. Nde4 Be7 15. Nd5 Bxd5 16. cxd5 Nd4 17. e3 Nb5 18. Rac1 f5 19. Nc5 Bxc5 20. Rxc5 Rd7 21. Rfc1 Rc8 22. d6 Nxd6 23. Bd5+ Kf8 24. Be6 1-0

[Event "Montcalm op 6 2011-12"]
[Site "Quebec CAN"]
[Date "2012.03.22"]
[Round "1"]
[White "Chabot, Sebastien"]
[Black "Ripoll, Arthur"]
[Result "0-1"]
[WhiteElo "1061"]
[BlackElo "1514"]
[PlyCount "72"]
[GameId "2160767909510013"]
[EventDate "2012.03.22"]
[EventType "swiss"]
[EventRounds "5"]
[EventCountry "CAN"]
[SourceTitle "EXT 2022"]
[Source "ChessBase"]
[SourceDate "2021.10.06"]
[SourceVersion "1"]
[SourceVersionDate "2021.10.06"]
[SourceQuality "1"]

1. d4 e5 2. Nf3 e4 3. Ng5 d5 4. e3 Qxg5 5. h4 Qg4 6. f3 Qg3+ 7. Kd2 Nf6 8. Qe1 Qxe1+ 9. Kxe1 exf3 10. gxf3 Bf5 11. Bd3 Bxd3 12. cxd3 Bb4+ 13. Ke2 Nc6 14. a3 Bd6 15. b4 a6 16. Rg1 g6 17. Bb2 Kd7 18. Nd2 Rhe8 19. Rae1 Nh5 20. Rg5 Nf4+ 21. Kf1 Nxd3 22. Rb1 Nxb2 23. Rxb2 Rxe3 24. Rxd5 f5 25. Kf2 Rae8 26. Ne4 Ke6 27. Nxd6 Kxd5 28. Nxe8 Rxe8 29. b5 Nxd4 30. bxa6 bxa6 31. Rb7 Re2+ 32. Kf1 Rc2 33. f4 Ke4 34. Ke1 Kxf4 35. a4 Ke3 36. Ra7 Rc1# 0-1

[Event "Montcalm op 6 2011-12"]
[Site "Quebec CAN"]
[Date "2012.03.22"]
[Round "1"]
[White "Sarra-Bournet, Marc"]
[Black "Boulianne, Gabriel"]
[Result "1-0"]
[WhiteElo "1820"]
[BlackElo "1758"]
[PlyCount "31"]
[GameId "2160767909510014"]
[EventDate "2012.03.22"]
[EventType "swiss"]
[EventRounds "5"]
[EventCountry "CAN"]
[SourceTitle "EXT 2022"]
[Source "ChessBase"]
[SourceDate "2021.10.06"]
[SourceVersion "1"]
[SourceVersionDate "2021.10.06"]
[SourceQuality "1"]

1. e4 c5 2. Nc3 Nc6 3. f4 d6 4. Nf3 g6 5. Bc4 Bg7 6. O-O Bg4 7. Bxf7+ Kf8 8. Bxg8 Kxg8 9. h3 h5 10. Nd5 Nd4 11. hxg4 hxg4 12. Ng5 g3 13. c3 e6 14. Ne3 Nc6 15. Qg4 Ne5 16. Qxe6+ 1-0

[Event "Montcalm op 6 2011-12"]
[Site "Quebec CAN"]
[Date "2012.03.29"]
[Round "2"]
[White "Boulianne, Gabriel"]
[Black "Hebert, Andre jr"]
[Result "1-0"]
[WhiteElo "1758"]
[BlackElo "1658"]
[PlyCount "115"]
[GameId "2160767909510015"]
[EventDate "2012.03.22"]
[EventType "swiss"]
[EventRounds "5"]
[EventCountry "CAN"]
[SourceTitle "EXT 2022"]
[Source "ChessBase"]
[SourceDate "2021.10.06"]
[SourceVersion "1"]
[SourceVersionDate "2021.10.06"]
[SourceQuality "1"]

1. Nf3 Nf6 2. g3 g6 3. b4 Bg7 4. Bb2 O-O 5. Bg2 a5 6. a3 d6 7. O-O e5 8. d4 e4 9. Ne1 d5 10. e3 Re8 11. c4 Bg4 12. Qc2 c6 13. h3 Be6 14. c5 Qd7 15. Kh2 h5 16. Nc3 axb4 17. Na4 Qc7 18. Nb6 Ra7 19. a4 Ra5 20. Qd2 Ra7 21. Nc2 h4 22. Nxb4 Nh5 23. Qe1 Na6 24. Nxa6 Rxa6 25. a5 Bf6 26. Kg1 hxg3 27. fxg3 Bd8 28. g4 Nf6 29. Qf2 Kg7 30. Qf4 Qxf4 31. Rxf4 Bc7 32. Rff1 Bxb6 33. axb6 Rea8 34. g5 Nh5 35. Kh2 Kh7 36. Rxa6 Rxa6 37. Ra1 Rxa1 38. Bxa1 Ng7 39. Bc3 Nf5 40. Bd2 Kg7 41. Kg1 f6 42. gxf6+ Kxf6 43. Kf2 Kg5 44. Be1 Kh5 45. Bf1 Nh4 46. Kg3 g5 47. Be2+ Kg6 48. Kh2 Bf5 49. Bxh4 gxh4 50. Kg2 Kg5 51. Kh2 Be6 52. Kg2 Bc8 53. Kh2 Be6 54. Kg2 Bf5 55. Bf1 Bg6 56. Ba6 Be8 57. Bxb7 Bd7 58. Ba8 1-0

[Event "Montcalm op 6 2011-12"]
[Site "Quebec CAN"]
[Date "2012.03.29"]
[Round "2"]
[White "Caire, Francois"]
[Black "Bergeron, Marc"]
[Result "1-0"]
[WhiteElo "2243"]
[BlackElo "2073"]
[PlyCount "95"]
[GameId "2160767909510016"]
[EventDate "2012.03.22"]
[EventType "swiss"]
[EventRounds "5"]
[EventCountry "CAN"]
[SourceTitle "EXT 2022"]
[Source "ChessBase"]
[SourceDate "2021.10.06"]
[SourceVersion "1"]
[SourceVersionDate "2021.10.06"]
[SourceQuality "1"]

1. d4 d5 2. c4 Nc6 3. e3 e5 4. dxe5 Bb4+ 5. Bd2 dxc4 6. Bxc4 Bxd2+ 7. Qxd2 Qxd2+ 8. Nxd2 Nxe5 9. Be2 Nf6 10. Ngf3 Nc6 11. O-O O-O 12. Rfc1 Bd7 13. Nb3 Rac8 14. Nc5 Be8 15. a3 b6 16. Na6 Bd7 17. Bb5 Na5 18. Bxd7 Nxd7 19. Rxc7 Rxc7 20. Nxc7 Rc8 21. Rc1 Nb3 22. Rc3 Ndc5 23. Nb5 Rd8 24. Nbd4 Nxd4 25. Nxd4 f5 26. g3 g6 27. b4 Ne4 28. Rc7 a5 29. b5 Rd5 30. Rc6 Rc5 31. f3 Rxc6 32. bxc6 Nd6 33. e4 fxe4 34. fxe4 Kf7 35. e5 Nc8 36. Kf2 b5 37. Ke3 b4 38. axb4 axb4 39. Kd3 Nb6 40. Kc2 Ke7 41. Kb3 Nd5 42. Kc4 Ne3+ 43. Kxb4 Ng4 44. Nf3 Kd8 45. Kc5 Kc7 46. h3 Nh6 47. Nd4 Ng8 48. Nb5+ 1-0

[Event "Montcalm op 6 2011-12"]
[Site "Quebec CAN"]
[Date "2012.03.29"]
[Round "2"]
[White "Dumont, Eric"]
[Black "Bourassa, Andre"]
[Result "0-1"]
[WhiteElo "1745"]
[BlackElo "1752"]
[PlyCount "90"]
[GameId "2160767909510017"]
[EventDate "2012.03.22"]
[EventType "swiss"]
[EventRounds "5"]
[EventCountry "CAN"]
[SourceTitle "EXT 2022"]
[Source "ChessBase"]
[SourceDate "2021.10.06"]
[SourceVersion "1"]
[SourceVersionDate "2021.10.06"]
[SourceQuality "1"]

1. d4 Nf6 2. Nf3 c6 3. c3 d5 4. Bf4 Bf5 5. e3 Nh5 6. Bg3 Nxg3 7. hxg3 Bg4 8. Be2 Nd7 9. Nbd2 e6 10. Nh4 Bxe2 11. Qxe2 Qf6 12. O-O-O O-O-O 13. Nb3 e5 14. dxe5 Nxe5 15. Rd4 c5 16. Ra4 a6 17. Rd1 b5 18. Rf4 Qe6 19. Nf3 Ng6 20. Rh4 Nxh4 21. gxh4 h6 22. Na5 Be7 23. g3 Kc7 24. b4 cxb4 25. Nd4 Qf6 26. cxb4 Bxb4 27. Nac6 Ba3+ 28. Kd2 Rd6 29. Ke1 Rxc6 30. Nxc6 Qxc6 31. Kf1 Qc4 32. Rd3 Bd6 33. Kg2 f6 34. Qd2 Bb4 35. Qd1 Rd8 36. Rd4 Qc5 37. Qg4 Bc3 38. Rd1 g5 39. h5 d4 40. exd4 Rxd4 41. Rxd4 Bxd4 42. Qe2 Bxf2 43. g4 Bd4 44. Qd3 Qd5+ 45. Kf1 Qh1+ 0-1

[Event "Montcalm op 6 2011-12"]
[Site "Quebec CAN"]
[Date "2012.03.29"]
[Round "2"]
[White "Garcia, Carlos3"]
[Black "Ripoll, Arthur"]
[Result "1-0"]
[WhiteElo "1579"]
[BlackElo "1514"]
[PlyCount "71"]
[GameId "2160767909510018"]
[EventDate "2012.03.22"]
[EventType "swiss"]
[EventRounds "5"]
[EventCountry "CAN"]
[SourceTitle "EXT 2022"]
[Source "ChessBase"]
[SourceDate "2021.10.06"]
[SourceVersion "1"]
[SourceVersionDate "2021.10.06"]
[SourceQuality "1"]

1. e4 e5 2. Nf3 Nc6 3. Bb5 Nd4 4. Nxd4 exd4 5. d3 Bc5 6. Bc4 d6 7. O-O Ne7 8. f4 O-O 9. Qf3 Kh8 10. f5 f6 11. g4 Nc6 12. Bb3 Na5 13. Nd2 a6 14. Qg2 Rb8 15. Kh1 b5 16. Rf3 Nxb3 17. axb3 Bb7 18. Rh3 d5 19. e5 fxe5 20. Nf3 Be7 21. Nxe5 Kg8 22. Rh5 Bf6 23. Nf3 g6 24. g5 Be7 25. fxg6 hxg6 26. Rh6 Qd6 27. Nh4 Kg7 28. Nxg6 Qxg6 29. Rxg6+ Kxg6 30. Bd2 Bd6 31. Qh3 Rh8 32. Qe6+ Kh5 33. Qf7+ Kh4 34. Rg1 Rbf8 35. Be1+ Kh3 36. Qd7+ 1-0

[Event "Montcalm op 6 2011-12"]
[Site "Quebec CAN"]
[Date "2012.04.05"]
[Round "3"]
[White "Auger, Bertrand"]
[Black "Caire, Francois"]
[Result "0-1"]
[WhiteElo "1932"]
[BlackElo "2243"]
[PlyCount "58"]
[GameId "2160767909510019"]
[EventDate "2012.03.22"]
[EventType "swiss"]
[EventRounds "5"]
[EventCountry "CAN"]
[SourceTitle "EXT 2022"]
[Source "ChessBase"]
[SourceDate "2021.10.06"]
[SourceVersion "1"]
[SourceVersionDate "2021.10.06"]
[SourceQuality "1"]

1. Nf3 Nf6 2. g3 d5 3. Bg2 c6 4. b3 Bf5 5. O-O e6 6. Bb2 Be7 7. d3 h6 8. c4 O-O 9. Nbd2 Bh7 10. Qc2 Nbd7 11. Bc3 c5 12. Rab1 Rc8 13. Rfc1 d4 14. Ba1 e5 15. Ne1 Qc7 16. a3 Ng4 17. b4 f5 18. bxc5 Nxc5 19. Nb3 b6 20. Nxc5 Bxc5 21. Qb3 e4 22. Nc2 f4 23. Bxd4 fxg3 24. hxg3 exd3 25. exd3 Bxd4 26. c5+ Kh8 27. Nxd4 Rxf2 28. cxb6 Qxc1+ 29. Qd1 Qxd1+ 0-1

[Event "Montcalm op 6 2011-12"]
[Site "Quebec CAN"]
[Date "2012.04.05"]
[Round "3"]
[White "Bluteau, Yvon"]
[Black "Boulianne, Gabriel"]
[Result "0-1"]
[WhiteElo "1773"]
[BlackElo "1758"]
[PlyCount "76"]
[GameId "2160767909510020"]
[EventDate "2012.03.22"]
[EventType "swiss"]
[EventRounds "5"]
[EventCountry "CAN"]
[SourceTitle "EXT 2022"]
[Source "ChessBase"]
[SourceDate "2021.10.06"]
[SourceVersion "1"]
[SourceVersionDate "2021.10.06"]
[SourceQuality "1"]

1. Nf3 Nf6 2. d4 e6 3. g3 b6 4. Bg2 Bb7 5. O-O Be7 6. b3 O-O 7. Bb2 c5 8. Nbd2 Qc7 9. Rc1 Ne4 10. Ne5 Nxd2 11. Qxd2 Bxg2 12. Kxg2 cxd4 13. Bxd4 Bf6 14. Qe3 Nc6 15. Nxc6 Qxc6+ 16. Kg1 Bxd4 17. Qxd4 Rac8 18. c4 Rc7 19. Rfd1 Rfc8 20. e4 h6 21. Rc3 d6 22. Rcd3 Rd8 23. R1d2 Rcd7 24. Qe3 d5 25. exd5 exd5 26. cxd5 Rxd5 27. Rc3 Qxc3 28. Qxc3 Rxd2 29. Qc7 R8d7 30. Qc8+ Kh7 31. Qc6 Re7 32. Qc3 Ree2 33. Qf3 Rxf2 34. Qe4+ Kg8 35. Qa8+ Kh7 36. Qxa7 Rg2+ 37. Kf1 Rdf2+ 38. Ke1 Rxa2 0-1

[Event "Montcalm op 6 2011-12"]
[Site "Quebec CAN"]
[Date "2012.04.05"]
[Round "3"]
[White "Bourassa, Andre"]
[Black "Sarra-Bournet, Marc"]
[Result "0-1"]
[WhiteElo "1752"]
[BlackElo "1820"]
[PlyCount "158"]
[GameId "2160767909510021"]
[EventDate "2012.03.22"]
[EventType "swiss"]
[EventRounds "5"]
[EventCountry "CAN"]
[SourceTitle "EXT 2022"]
[Source "ChessBase"]
[SourceDate "2021.10.06"]
[SourceVersion "1"]
[SourceVersionDate "2021.10.06"]
[SourceQuality "1"]

1. d4 d5 2. c4 e6 3. Nc3 Nf6 4. Bg5 Nbd7 5. e3 Be7 6. Rc1 O-O 7. Nf3 h6 8. Bh4 b6 9. cxd5 exd5 10. Bd3 Bb7 11. O-O c5 12. dxc5 Nxc5 13. Bb1 Re8 14. Nd4 Nfe4 15. Bxe7 Rxe7 16. Qc2 Re5 17. Rfd1 Qe8 18. f3 Nf6 19. Nf5 Rd8 20. Kf2 Bc8 21. Nd4 Rxe3 22. Qd2 Re5 23. Re1 Rxe1 24. Rxe1 Qf8 25. Nc6 Rd7 26. Ne5 Rd8 27. Nc6 Rd7 28. Ne5 Rd6 29. Nb5 Re6 30. Nc7 Rxe5 31. Rxe5 Qd6 32. Qe1 Bd7 33. Ne8 Nce4+ 34. Rxe4 Nxe4+ 35. fxe4 Qxh2 36. exd5 Qh4+ 37. g3 Qd4+ 38. Qe3 Qxe3+ 39. Kxe3 Bxe8 40. Bf5 Kf8 41. d6 Bc6 42. Kd4 Ke8 43. Ke5 Bd7 44. Be4 h5 45. a3 f6+ 46. Kd4 Kf7 47. Bd5+ Kg6 48. Bg8 Kg5 49. Kd5 Kf5 50. b3 g5 51. Bf7 h4 52. g4+ Kf4 53. Be6 h3 54. Bxd7 h2 55. Kc6 h1=Q+ 56. Kc7 Qc1+ 57. Bc6 Qc5 58. b4 Qe5 59. Bd7 Ke4 60. Bc6+ Kd4 61. Bb7 Kc4 62. Kc6 Qe6 63. Kc7 Qe5 64. Kc6 Kb3 65. d7 Qc3+ 66. Kd6 Qe5+ 67. Kc6 Qe7 68. Kc7 Kxa3 69. Kc8 Qe6 70. Kc7 Qxg4 71. d8=Q Qf4+ 72. Qd6 Qxd6+ 73. Kxd6 Kxb4 74. Ba6 b5 75. Kc6 g4 76. Bxb5 a5 77. Bd3 a4 78. Be4 a3 79. Bd5 g3 0-1